[Event "Gorodovikovsk Bashanta"]
[Site "Gorodovikovsk"]
[Date "2010.04.11"]
[Round "3"]
[White "Melnikov, Artem"]
[Black "Chudakov, Yury"]
[Result "1-0"]
[WhiteElo "2041"]
[BlackElo "1946"]
[PlyCount "70"]
[EventDate "2010.04.11"]
[EventType "tourn"]
[EventRounds "9"]
[EventCountry "RUS"]
[SourceTitle "EXT 2012"]
[Source "ChessBase"]
[SourceDate "2011.11.24"]
[SourceVersion "1"]
[SourceVersionDate "2011.11.24"]
[SourceQuality "1"]

1. d4 e6 2. c4 b6 3. e4 Bb7 4. Bd3 f5 5. Nc3 Bb4 6. Qe2 Nf6 7. Bg5 h6 8. Bxf6 Qxf6 9. Nf3 0-0 10. 0-0 Bxc3 11. bxc3 Nc6 12. exf5 exf5 13. d5 Rae8 14. Qd2 Ne5 15. Nd4 f4 16. f3 c5 17. Nc2 d6 18. Na3 Bc8 19. Rae1 h5 20. Bc2 h4 21. Kh1 Qg5 22. Be4 Qh5 23. h3 Qg5 24. Qe2 Nf7 25. Nb5 a6 26. Nc7 Re5 27. Ne6 Bxe6 28. dxe6 Nh6 29. Qb2 Qg3 30. Qxb6 Nf5 31. Rb1 Ne3 32. Rg1 Rxe4 33. fxe4 f3 34. Qb2 fxg2+ 35. Rxg2 Qxh3+ 1-0

[Event "Gorodovikovsk Bashanta"]
[Site "Gorodovikovsk"]
[Date "2010.04.11"]
[Round "2"]
[White "Nasunov, Valery"]
[Black "Melnikov, Artem"]
[Result "0-1"]
[WhiteElo "1852"]
[BlackElo "2041"]
[PlyCount "46"]
[EventDate "2010.04.11"]
[EventType "tourn"]
[EventRounds "9"]
[EventCountry "RUS"]
[SourceTitle "EXT 2012"]
[Source "ChessBase"]
[SourceDate "2011.11.24"]
[SourceVersion "1"]
[SourceVersionDate "2011.11.24"]
[SourceQuality "1"]

1. d4 Nf6 2. c4 g6 3. Nc3 d5 4. Nf3 Bg7 5. e3 0-0 6. Be2 c5 7. 0-0 cxd4 8. exd4 Nc6 9. Bg5 Be6 10. Qd2 Ne4 11. Nxe4 dxe4 12. Ne1 Nxd4 13. Nc2 Nxe2+ 14. Qxe2 Bxb2 15. Rab1 Bg7 16. Rxb7 Qc8 17. Rb4 a5 18. Ra4 Qc6 19. Ra3 Bxc4 20. Qd2 Bxf1 21. Kxf1 Rfd8 22. Qe2 Rac8 23. Ne3 Qc1+ 0-1